Подробности
| 000 -МАРКЕР |
| контрольное поле |
04657njm0a2200445 4500 |
| 001 - ИДЕНТИФИКАТОР ЗАПИСИ |
| контрольное поле |
RU\NLR\ONIZ\298525 |
| 005 - ИДЕНТИФИКАТОР ВЕРСИИ |
| контрольное поле |
20250708193916.0 |
| 035 ## - ДРУГИЕ СИСТЕМНЫЕ НОМЕРА |
| Идентификатор записи |
(NLR Aleph) 022043756 |
| 071 00 - ИЗДАТЕЛЬСКИЙ НОМЕР |
| Номер, присвоенный агентством |
Д-6421-2 |
| 100 ## - ДАННЫЕ ОБЩЕЙ ОБРАБОТКИ |
| Данные общей обработки |
20220905f19611968|||y0rusy50 ca |
| 102 ## - СТРАНА ПУБЛИКАЦИИ ИЛИ ПРОИЗВОДСТВА |
| Страна публикации |
Российская Федерация |
| 126 ## - ПОЛЕ КОДИРОВАННЫХ ДАННЫХ: ЗВУКОЗАПИСИ - ФИЗИЧЕСКИЕ ХАРАКТЕРИСТИКИ |
| Кодированные данные звукозаписи (общие) |
abaxdxu ux |
| Кодированные данные звукозаписи (уточнения) |
xxx |
| 127 ## - ПОЛЕ КОДИРОВАННЫХ ДАННЫХ: ПРОДОЛЖИТЕЛЬНОСТЬ ЗВУКОЗАПИСЕЙ И НОТНЫХ ИЗДАНИЙ (МУЗЫКАЛЬНОЕ ИСПОЛНЕНИЕ) |
| Продолжительность |
003500 |
| 200 1# - ЗАГЛАВИЕ И СВЕДЕНИЯ ОБ ОТВЕТСТВЕННОСТИ |
| Основное заглавие |
[Играет] И. Браудо, орган |
| Общее обозначение материала |
Звукозапись |
| 203 ## - ВИД СОДЕРЖАНИЯ И ТИП СРЕДСТВА |
| Вид содержания |
Музыка |
| Дополнительные сведения об издании |
|
| Тип средства |
аудио |
| 210 ## - ПУБЛИКАЦИЯ, РАСПРОСТРАНЕНИЕ И ДР. |
| Место издания, распространения и т.д. |
Ленинград |
| Имя издателя, распространителя и т. д. |
Аккорд |
| Дата издания, распространения и т.д. |
[19--] |
| 215 ## - ФИЗИЧЕСКАЯ ХАРАКТЕРИСТИКА |
| Специфическое обозначение материала и объем |
1 грп. [ГОСТ 5289-61] (35 мин) : 33 об/мин, моно |
| Размеры |
25 см, в конв. |
| 327 1# - ПРИМЕЧАНИЯ О СОДЕРЖАНИИ |
| Текст примечания |
1. Органная прелюдия и фуга ля минор / И. С. Бах. |
| -- |
2. Эхо / А. Резон. |
| -- |
3. Пастораль / Д. Циполи. |
| -- |
4. Органная прелюдия и фуга до минор / И. С. Бах. |
| -- |
5. Токката / Л. Боельман |
| 464 #0 - АНАЛИТИЧЕСКИЙ УРОВЕНЬ |
| Встроенное поле |
2001#$aОрганная прелюдия и фуга ля минор$fИ. С. Бах |
| -- |
6061#$aКомпозиторы зарубежные$yГермания$z17-18 вв.$jЗвукозапись$2nlr_sh$7ca |
| -- |
6061#$aПрелюдии и фуги для органа$yГермания$z17-18 вв.$jЗвукозапись$2nlr_sh |
| -- |
6890#$aЩ954.3-058.4(4Г) |
| -- |
700#1$9z01790$aБах$bИ. С.$gИоганн Себастьян$f1685 - 1750$4230$7ca |
| -- |
790#1$9z01700$aBach$bJ.S.$gJohann Sebastian$f1685 - 1750$4230$7ba |
| Заглавие |
Органная прелюдия и фуга ля минор |
| Автор |
Бах, Иоганн Себастьян (1685 - 1750) |
| 464 #0 - АНАЛИТИЧЕСКИЙ УРОВЕНЬ |
| Встроенное поле |
2001#$aЭхо$fА. Резон |
| -- |
6061#$aКомпозиторы зарубежные$yФранция$z17-18 вв.$jЗвукозапись$2nlr_sh |
| -- |
6061#$aПроизведения для органа$yФранция$z17-18 вв.$jЗвукозапись$2nlr_sh |
| -- |
6890#$aЩ954.3-058.9(4Фр) |
| -- |
701#1$9z01790$aРезон$bА.$gАндре$cкомпозитор$f1640-1719$4230$7ca |
| -- |
790#1$9z01701$aRaison$bA.$gAndré$ccomposer$f1640-1719$4230$7ba |
| Заглавие |
Эхо |
| 464 #0 - АНАЛИТИЧЕСКИЙ УРОВЕНЬ |
| Встроенное поле |
2001#$aПастораль$fД. Циполи |
| -- |
6061#$aКомпозиторы зарубежные$yИталия$z17-18 вв.$jЗвукозапись$2nlr_sh |
| -- |
6061#$aПасторали для органа$yИталия$z17-18 вв.$jЗвукозапись$2nlr_sh |
| -- |
6890#$aЩ954.3-058.8(4Ит) |
| -- |
700#1$9z01790$aЦиполи$bД.$gДоменико$cкомпозитор$f1688-1726$4230$7ca |
| -- |
790#1$9z01700$aZipoli$bD.$gDomenico$ccomposer$f1688-1726$4230$7ba |
| Заглавие |
Пастораль |
| Автор |
Циполи, Доменико (композитор ; 1688-1726) |
| 464 #0 - АНАЛИТИЧЕСКИЙ УРОВЕНЬ |
| Встроенное поле |
2001#$aОрганная прелюдия и фуга до минор$fИ. С. Бах |
| -- |
6061#$aКомпозиторы зарубежные$yГермания$z17-18 вв.$jЗвукозапись$2nlr_sh$7ca |
| -- |
6061#$aПрелюдии и фуги для органа$yГермания$z17-18 вв.$jЗвукозапись$2nlr_sh |
| -- |
6890#$aЩ954.3-045(4Г) |
| -- |
700#1$9z01790$aБах$bИ. С.$gИоганн Себастьян$f1685 - 1750$4230$7ca |
| -- |
790#1$9z01700$aBach$bJ.S.$gJohann Sebastian$f1685 - 1750$4230$7ba |
| Заглавие |
Органная прелюдия и фуга до минор |
| Автор |
Бах, Иоганн Себастьян (1685 - 1750) |
| 464 #0 - АНАЛИТИЧЕСКИЙ УРОВЕНЬ |
| Встроенное поле |
2001#$aТокката$fЛ. Боельман |
| -- |
6061#$aКомпозиторы зарубежные$yФранция$z19 век$jЗвукозапись$2nlr_sh |
| -- |
6061#$aТоккаты для органа$yФранция$z19 век$jЗвукозапись$2nlr_sh |
| -- |
6890#$aЩ954.3-045(4Фр) |
| -- |
700#1$9z01790$aБоэльман$bЛ.$gЛеон$cкомпозитор$f1862-1897$4230$7ca |
| -- |
790#1$9z01700$aBoëllmann$bL.$gLéon$ccomposer$f1862-1897$4230$7ba |
| Заглавие |
Токката |
| Автор |
Боэльман, Леон (композитор ; 1862-1897) |
| 606 1# - НАИМЕНОВАНИЕ ТЕМЫ КАК ПРЕДМЕТ |
| Наименование темы |
Органисты советские |
| Хронологический подзаголовок |
19-20 вв. |
| Формальный подзаголовок |
Звукозапись |
| Код системы |
nlr_sh |
| 606 1# - НАИМЕНОВАНИЕ ТЕМЫ КАК ПРЕДМЕТ |
| Наименование темы |
Органная музыка |
| Географический подзаголовок |
Европа |
| Хронологический подзаголовок |
17-19 вв. |
| Формальный подзаголовок |
Звукозапись |
| Код системы |
nlr_sh |
| 606 1# - НАИМЕНОВАНИЕ ТЕМЫ КАК ПРЕДМЕТ |
| Наименование темы |
Полифоническая музыка для органа |
| Географический подзаголовок |
Европа |
| Хронологический подзаголовок |
17-19 вв. |
| Формальный подзаголовок |
Звукозапись |
| Код системы |
nlr_sh |
| 686 0# - ИНДЕКСЫ ДРУГИХ КЛАССИФИКАЦИЙ |
| Индекс |
Щ954.3, 8(2) |
| 686 0# - ИНДЕКСЫ ДРУГИХ КЛАССИФИКАЦИЙ |
| Индекс |
Щ954.3я43(4) |
| 700 #1 - ИМЯ ЛИЦА - ПЕРВИЧНАЯ ОТВЕТСТВЕННОСТЬ |
| Системный номер авторитетной/нормативной записи |
z03790 |
| Начальный элемент ввода |
Браудо |
| Часть имени, кроме начального элемента ввода |
И. А. |
| Дополнения к именам, кроме дат |
орган |
| Даты |
1896-1970 |
| Расширение инициалов личного имени |
Исай Александрович |
| Код отношения |
Исполнитель |
| -- |
|
| Графика поля |
Кириллица |
| 790 #1 - ИМЯ ЛИЦА - АЛЬТЕРНАТИВНАЯ ФОРМА |
| Системный номер авторитетной/нормативной записи |
z03700 |
| Начальный элемент ввода |
Braudo |
| Часть имени, кроме начального элемента ввода |
I. A. |
| Даты |
1896-1970 |
| Расширение инициалов личного имени |
Isajja Aleksandrovič |
| Код отношения |
Исполнитель |
| -- |
|
| Графика поля |
Латинская |
| 801 #0 - ИСТОЧНИК ЗАПИСИ |
| Страна |
Российская Федерация |
| Организация |
NLR |
| Дата составления |
20220905 |
| Правила каталогизации |
PSBO |
| 801 #1 - ИСТОЧНИК ЗАПИСИ |
| Страна |
Российская Федерация |
| Организация |
NLR |
| Дата составления |
20220905 |
| Источник данных |
rusmarc |
| 801 #2 - ИСТОЧНИК ЗАПИСИ |
| Страна |
Российская Федерация |
| Организация |
NLR |
| Дата составления |
20230707 |
| 852 ## - МЕСТОНАХОЖДЕНИЕ И ШИФР ХРАНЕНИЯ |
| Идентификатор организации |
NLR |
| Наименование фонда или коллекции (Sub-Location Identifier) |
Мг |
| Шифр хранения (Call Number) |
2/893 |
| Страна |
|
| Номер экземпляра |
1 |
| 852 ## - МЕСТОНАХОЖДЕНИЕ И ШИФР ХРАНЕНИЯ |
| Идентификатор организации |
NLR |
| Наименование фонда или коллекции (Sub-Location Identifier) |
Мг |
| Шифр хранения (Call Number) |
2/14а |
| Страна |
|
| Номер экземпляра |
2 |
| 942 ## - ДОПОЛНИТЕЛЬНЫЕ ЭЛЕМЕНТЫ ЗАПИСИ (АБИС) |
| Тип экземпляра АБИС |
Звукозапись |
| 980 ## - КОЛЛЕКЦИЯ |
| Название коллекции |
Национальная библиография |
| 980 ## - КОЛЛЕКЦИЯ |
| Название коллекции |
Отдел нот и звукозаписей |